• 首页
  • 本馆介绍
  • 公告通知
  • 最新文献
  • 馆藏检索
  • 电子资源
  • 读者导购
  • 参考咨询
  • 我的图书馆
  • 登录
  • 详细信息显示
  • 放入我的书架
  • 预约/预借图书
  • 作者相关作品
  • 分类相关作品
  • 丛书相关作品
  • 出版社相关作品

书目信息

  • 表格格式
  • 工作单格式
  • 卡片格式
题名:
环境健康遥感诊断关键技术
    
 
作者: 曹春香 著
分册:  
出版信息: 北京   科学出版社  2017.12
页数: 243页
开本: 26cm
丛书名:
单 册:
中图分类: X87
科图分类:
主题词: 环境遥感
电子资源:
ISBN: 978-7-03-055138-2
000 01148nam0 2200265 450
001 4682
005 20181012154800.95
010    @a978-7-03-055138-2@b精装@dCNY128.00
100    @a20180513d2017 em y0chiy50 ea
101 0  @achi
102    @aCN@b110000
105    @ay az 000yy
200 1  @a环境健康遥感诊断关键技术@9huan jing jian kang yao gan zhen duan guan jian ji shu@dKey technologies on diagnosis of environmental health by remote sensing@f曹春香等著@zeng
210    @a北京@c科学出版社@d2017.12
215    @a243页@d26cm
300    @a遥感诊断系列专著
304    @a著者还有:倪希亮、张煜星、徐敏、刘迪
320    @a有书目
330    @a本书作为“环境健康遥感诊断”系列专著第二部,主要是基于当前遥感科学最新技术,对“环境健康遥感诊断”领域的主要关键技术和方法进行概括。详细介绍了环境健康遥感诊断研究中基本的遥感技术和研究方法,同时具体描述了环境健康遥感诊断关键参数的提取方法以及环境健康评价技术。
510 1  @aKey technologies on diagnosis of environmental health by remote sensing@zeng
606 0  @a环境遥感
690    @aX87@v5
701  0 @a曹春香@9cao chun xiang@4著
801  0 @aCN@b91MARC@c20180513
905    @aMuseLib@dX87@e277
    
    环境健康遥感诊断关键技术=Key technologies on diagnosis of environmental health by remote sensing/曹春香等著.-北京:科学出版社,2017.12
    243页;26cm
    遥感诊断系列专著
    
    ISBN 978-7-03-055138-2(精装):CNY128.00
    本书作为“环境健康遥感诊断”系列专著第二部,主要是基于当前遥感科学最新技术,对“环境健康遥感诊断”领域的主要关键技术和方法进行概括。详细介绍了环境健康遥感诊断研究中基本的遥感技术和研究方法,同时具体描述了环境健康遥感诊断关键参数的提取方法以及环境健康评价技术。
●
相关链接 在E读中查询图书 在五车中查询图书 在当当中查询图书 在豆瓣中查询图书


正题名:环境健康遥感诊断关键技术     索取号:X87/277         预约/预借

序号 登录号 条形码 馆藏地/架位号 状态 备注
1 1126199   211261999   第二样本阅览室/ [索取号:X87/277] 在馆    
2 1126200   211262006   第三借阅区/ [索取号:X87/277] 在馆    
唐山师范学院图书馆 欢迎您!
大连网信软件有限公司© 版权所有